Flora of Eastern Ghats (Record no. 99050)
[ view plain ]
| 000 -LEADER | |
|---|---|
| fixed length control field | 00996nam a2200277Ia 4500 |
| 003 - CONTROL NUMBER IDENTIFIER | |
| control field | OSt |
| 005 - DATE AND TIME OF LATEST TRANSACTION | |
| control field | 20260120125659.0 |
| 008 - FIXED-LENGTH DATA ELEMENTS--GENERAL INFORMATION | |
| fixed length control field | 220909b |||||||| |||| 00| 0 eng d |
| 020 ## - INTERNATIONAL STANDARD BOOK NUMBER | |
| International Standard Book Number | 818749820X |
| 037 ## - SOURCE OF ACQUISITION | |
| Terms of availability | Reference Collections |
| 040 ## - CATALOGING SOURCE | |
| Original cataloging agency | CSL |
| Language of cataloging | eng |
| Transcribing agency | CSL |
| 041 ## - LANGUAGE CODE | |
| Language code of text/sound track or separate title | eng |
| 084 ## - COLON CLASSIFICATION NUMBER | |
| Classification number | I:11.21.9B P1.2 RR |
| Assigning agency | CSL |
| 100 ## - MAIN ENTRY--PERSONAL NAME | |
| Personal name | Pullaiah, T. |
| Relator term | author. |
| 9 (RLIN) | 908935 |
| 245 #0 - TITLE STATEMENT | |
| Title | Flora of Eastern Ghats |
| Remainder of title | : Hill Ranges of South East India |
| 260 ## - PUBLICATION, DISTRIBUTION, ETC. | |
| Place of publication, distribution, etc. | New Delhi : |
| Name of publisher, distributor, etc. | Regency Publications , |
| Date of publication, distribution, etc. | 2001. |
| 300 ## - PHYSICAL DESCRIPTION | |
| Extent | 2 v. (viii, 387p.) |
| Other physical details | : ill. |
| 490 ## - SERIES STATEMENT | |
| Volume/sequential designation | Leguminosae |
| 500 ## - GENERAL NOTE | |
| General note | CONTENTS:V 2: Leguminosae (Fabaceae)(vii, 387p); Bibliographical references 365-372p. |
| 650 ## - SUBJECT ADDED ENTRY--TOPICAL TERM | |
| Topical term or geographic name entry element | Classification |
| 9 (RLIN) | 908936 |
| 650 ## - SUBJECT ADDED ENTRY--TOPICAL TERM | |
| Topical term or geographic name entry element | Eastern Ghats |
| 9 (RLIN) | 908937 |
| 650 ## - SUBJECT ADDED ENTRY--TOPICAL TERM | |
| Topical term or geographic name entry element | Plant |
| 9 (RLIN) | 908938 |
| 700 ## - ADDED ENTRY--PERSONAL NAME | |
| Personal name | Ramamurthy, K. Sri |
| Relator term | co-author. |
| 9 (RLIN) | 908939 |
| 942 ## - ADDED ENTRY ELEMENTS (KOHA) | |
| Classification part | I:11.21.9B P1.2 RR |
| Koha item type | Reference |
| Source of classification or shelving scheme | Colon Classification (CC) |
| Suppress in OPAC | No |
| Withdrawn status | Lost status | Damaged status | Not for loan | Home library | Current library | Date acquired | Source of acquisition | Total Checkouts | Full call number | Barcode | Date last seen | Price effective from | Koha item type |
|---|---|---|---|---|---|---|---|---|---|---|---|---|---|
| Central Science Library | Central Science Library | 2022-09-12 | Biotek, | I:11.21.9B P1.2 | SL1176740 | 2022-09-12 | 2022-09-12 | Reference |
